[Event "World Cup 2021"]
[Site "Sochi"]
[Date "2021.07.12"]
[Round "1.1"]
[White "Al Qudaimi Basheer (YEM)"]
[Black "Tabatabaei M.amin (IRI)"]
[Result "0-1"]
[WhiteElo "2435"]
[BlackElo "2613"]
[Annotator ""]
[Source ""]
[Remark ""]

1.e4 {[%clk 1:30:52]} c5 {[%clk 1:30:42]} 2.Nf3 {[%clk 1:30:53]}
Nc6 {[%clk 1:30:51]} 3.d4 {[%clk 1:30:48]} cxd4 {[%clk 1:31:12]}
4.Nxd4 {[%clk 1:31:01]} e5 {[%clk 1:31:34]} 5.Nb5 {[%clk 1:30:28]}
d6 {[%clk 1:31:56]} 6.a4 {[%clk 1:28:43]} a6 {[%clk 1:27:12]}
7.N5a3 {[%clk 1:28:45]} Nf6 {[%clk 1:27:21]} 8.Nc3 {[%clk 1:29:05]}
Bg4 {[%clk 1:21:29]} 9.f3 {[%clk 1:22:05]} Be6 {[%clk 1:20:52]}
10.Be3 {[%clk 1:18:50]} d5 {[%clk 1:18:23]} 11.exd5 {[%clk 1:18:05]}
Bxd5 {[%clk 1:17:50]} 12.Nc4 {[%clk 1:07:35]} Bb4 {[%clk 1:17:55]}
13.Nb6 {[%clk 1:04:02]} Rb8 {[%clk 1:18:15]} 14.Be2 {[%clk 1:00:35]}
Be6 {[%clk 1:14:28]} 15.O-O {[%clk 0:49:42]} Nd4 {[%clk 1:13:32]}
16.a5 {[%clk 0:41:45]} Qc7 {[%clk 1:13:25]} 17.Kh1 {[%clk 0:33:06]}
Rd8 {[%clk 1:08:21]} 18.Bd3 {[%clk 0:32:47]} O-O {[%clk 0:55:06]}
19.Qe1 {[%clk 0:28:47]} h6 {[%clk 0:48:10]} 20.Ra4 {[%clk 0:24:10]}
Bxc3 {[%clk 0:37:49]} 21.bxc3 {[%clk 0:21:37]} Nf5 {[%clk 0:38:05]}
22.Bc1 {[%clk 0:18:34]} Nd7 {[%clk 0:30:03]} 23.Re4 {[%clk 0:07:42]}
Nc5 {[%clk 0:27:30]} 24.Ba3 {[%clk 0:06:50]} Nxe4 {[%clk 0:26:34]}
25.Qxe4 {[%clk 0:07:07]} Rxd3 {[%clk 0:12:33]} 26.cxd3 {[%clk 0:07:29]}
Rd8 {[%clk 0:12:59]} 27.Bb4 {[%clk 0:07:23]} h5 {[%clk 0:13:01]}
28.f4 {[%clk 0:05:14]} exf4 {[%clk 0:13:12]} 29.d4 {[%clk 0:05:39]}
g5 {[%clk 0:12:44]} 30.d5 {[%clk 0:05:37]} Ne3 {[%clk 0:12:38]}
31.dxe6 {[%clk 0:05:12]} Nxf1 {[%clk 0:12:44]} 32.Nd5 {[%clk 0:04:20]}
Ne3 {[%clk 0:12:37]} 33.e7 {[%clk 0:02:18]} Nxd5 {[%clk 0:12:52]}
34.e8Q+ {[%clk 0:01:00]} Rxe8 {[%clk 0:13:20]} 35.Qxe8+ {[%clk 0:01:29]}
Kg7 {[%clk 0:13:40]} 36.Bf8+ {[%clk 0:01:02]} Kf6 {[%clk 0:13:48]}
37.h4 {[%clk 0:00:45]} g4 {[%clk 0:09:38]} 38.Bh6 {[%clk 0:00:34]}
Qxc3 {[%clk 0:09:08]} 39.Qh8+ {[%clk 0:00:34]} Kf5 {[%clk 0:06:46]}
40.Qh7+ {[%clk 0:00:48]} Ke6 {[%clk 0:07:04]} 41.Qe4+ {[%clk 0:00:48]}
Qe5 {[%clk 0:07:32]} 42.Qb1 Qe2 {[%clk 0:07:22]} 43.Qc1 {[%clk 0:00:52]}
f3 {[%clk 0:06:35]} 44.Qc8+ {[%clk 0:26:30]} Ke5 {[%clk 0:36:16]}
45.Qe8+ {[%clk 0:25:26]} Kd4 {[%clk 0:36:24]} 46.Qa4+ {[%clk 0:25:32]}
Kd3 {[%clk 0:36:41]} 47.gxf3 {[%clk 0:24:19]} gxf3 {[%clk 0:36:53]} 0-1

[Event "World Cup 2021"]
[Site "Sochi"]
[Date "2021.07.12"]
[Round "1.4"]
[White "Piorun Kacper (POL)"]
[Black "Makarian Rudik (RUS)"]
[Result "1-0"]
[WhiteElo "2608"]
[BlackElo "2465"]
[Annotator ""]
[Source ""]
[Remark ""]

1.d4 {[%clk 1:30:56]} Nf6 {[%clk 1:30:49]} 2.c4 {[%clk 1:31:19]}
e6 {[%clk 1:31:08]} 3.Nf3 {[%clk 1:31:31]} d5 {[%clk 1:31:28]}
4.Nc3 {[%clk 1:31:39]} dxc4 {[%clk 1:31:50]} 5.Qa4+ {[%clk 1:26:27]}
c6 {[%clk 1:15:23]} 6.Qxc4 {[%clk 1:26:52]} b5 {[%clk 1:15:35]}
7.Qd3 {[%clk 1:27:17]} a6 {[%clk 1:15:58]} 8.Bg5 {[%clk 1:27:23]}
Be7 {[%clk 1:00:37]} 9.e4 {[%clk 1:26:38]} b4 {[%clk 0:58:09]}
10.Na4 {[%clk 1:25:48]} O-O {[%clk 0:51:39]} 11.Qc2 {[%clk 1:19:13]}
h6 {[%clk 0:49:10]} 12.Bxf6 {[%clk 1:17:23]} Bxf6 {[%clk 0:49:36]}
13.e5 {[%clk 1:17:50]} Be7 {[%clk 0:49:35]} 14.Bd3 {[%clk 1:17:30]}
a5 {[%clk 0:43:44]} 15.O-O {[%clk 1:15:11]} Ba6 {[%clk 0:43:49]}
16.Bxa6 {[%clk 1:01:18]} Rxa6 {[%clk 0:44:13]} 17.Nc5 {[%clk 1:01:44]}
Rb6 {[%clk 0:43:49]} 18.Rfd1 {[%clk 0:59:13]} Rb5 {[%clk 0:37:14]}
19.Rac1 {[%clk 0:55:32]} Qd5 {[%clk 0:35:31]} 20.b3 {[%clk 0:52:59]}
Rc8 {[%clk 0:35:19]} 21.Qe2 {[%clk 0:42:55]} Qd8 {[%clk 0:34:34]}
22.g3 {[%clk 0:31:32]} Nd7 {[%clk 0:30:53]} 23.Na4 {[%clk 0:23:42]}
Rd5 {[%clk 0:29:48]} 24.Rd2 {[%clk 0:20:23]} Bg5 {[%clk 0:27:30]}
25.Nxg5 {[%clk 0:20:47]} Qxg5 {[%clk 0:21:38]} 26.Rc4 {[%clk 0:18:55]}
Qd8 {[%clk 0:17:53]} 27.Rdc2 {[%clk 0:16:40]} Nb6 {[%clk 0:17:20]}
28.Nxb6 {[%clk 0:13:35]} Qxb6 {[%clk 0:17:44]} 29.Qe3 {[%clk 0:13:35]}
Qb7 {[%clk 0:16:59]} 30.Rc5 {[%clk 0:11:55]} Rcd8 {[%clk 0:14:48]}
31.Rxd5 {[%clk 0:12:17]} Rxd5 {[%clk 0:15:12]} 32.Rc4 {[%clk 0:12:45]}
Qd7 {[%clk 0:14:18]} 33.h4 {[%clk 0:11:17]} h5 {[%clk 0:13:12]}
34.Kg2 {[%clk 0:10:35]} g6 {[%clk 0:13:17]} 35.Qe4 {[%clk 0:10:04]}
Qc7 {[%clk 0:12:55]} 36.g4 {[%clk 0:08:31]} hxg4 {[%clk 0:08:01]}
37.Qxg4 {[%clk 0:08:57]} c5 {[%clk 0:07:02]} 38.h5 {[%clk 0:08:59]}
Qb7 {[%clk 0:07:16]} 39.Qe4 {[%clk 0:06:45]} cxd4 {[%clk 0:07:34]}
40.hxg6 {[%clk 0:06:08]} f5 {[%clk 0:06:11]} 41.Qh4 {[%clk 0:04:25]}
Rc5+ {[%clk 0:01:33]} 42.f3 {[%clk 0:24:44]} Rxc4 {[%clk 0:31:26]}
43.Qd8+ {[%clk 0:25:10]} Kg7 {[%clk 0:31:36]} 44.bxc4 {[%clk 0:23:22]}
a4 {[%clk 0:27:13]} 45.c5 {[%clk 0:20:17]} Kxg6 {[%clk 0:25:30]}
46.Qf6+ {[%clk 0:17:41]} Kh7 {[%clk 0:25:46]} 47.Qxe6 {[%clk 0:17:38]}
Qg7+ {[%clk 0:17:37]} 48.Kf2 {[%clk 0:17:35]} b3 {[%clk 0:14:28]}
49.axb3 {[%clk 0:17:13]} a3 {[%clk 0:11:53]} 50.Qxf5+ {[%clk 0:16:04]}
Kg8 {[%clk 0:11:10]} 51.Qe6+ {[%clk 0:09:30]} Kh7 {[%clk 0:11:27]}
52.b4 {[%clk 0:07:57]} Qa7 {[%clk 0:10:40]} 53.Qf5+ {[%clk 0:07:29]}
Kg7 {[%clk 0:09:25]} 54.Qf6+ {[%clk 0:07:10]} Kh7 {[%clk 0:09:46]}
55.e6 {[%clk 0:06:06]} a2 {[%clk 0:09:52]} 56.e7 {[%clk 0:06:16]}
a1Q {[%clk 0:09:51]} 57.Qf7+ {[%clk 0:06:41]} Kh6 {[%clk 0:10:13]}
58.Qf6+ {[%clk 0:07:05]} Kh7 {[%clk 0:10:38]} 59.Qf7+ {[%clk 0:07:31]}
Kh6 {[%clk 0:11:05]} 60.Qe6+ {[%clk 0:06:47]} Kg7 {[%clk 0:07:29]}
61.Qe5+ {[%clk 0:07:06]} Kh7 {[%clk 0:07:25]} 62.e8Q {[%clk 0:07:26]}
Q7a2+ {[%clk 0:07:08]} 63.Qe2 {[%clk 0:07:23]} Qxe2+ {[%clk 0:06:45]}
64.Qxe2 {[%clk 0:07:46]} Qc3 {[%clk 0:07:08]} 65.c6 {[%clk 0:06:10]}
d3 {[%clk 0:06:02]} 66.Qe7+ {[%clk 0:03:30]} Kg6 {[%clk 0:01:30]}
67.c7 {[%clk 0:03:45]} Qd4+ {[%clk 0:00:51]} 68.Kg2 {[%clk 0:04:08]}
Qb2+ {[%clk 0:01:17]} 69.Kg3 {[%clk 0:04:28]} Qc1 {[%clk 0:01:44]}
70.Qd6+ {[%clk 0:03:01]} Kh5 {[%clk 0:00:57]} 71.Qd5+ {[%clk 0:02:39]}
Kh6 {[%clk 0:01:13]} 72.Qe6+ {[%clk 0:02:48]} Kg5 {[%clk 0:01:30]}
73.Qg8+ {[%clk 0:01:52]} Kf6 {[%clk 0:01:25]} 74.Qd8+ {[%clk 0:01:33]}
Ke5 {[%clk 0:01:33]} 75.c8Q {[%clk 0:01:31]} Qf4+ {[%clk 0:01:18]}
76.Kg2 {[%clk 0:01:54]} Qd2+ {[%clk 0:01:39]} 77.Kh3 {[%clk 0:02:20]} 1-0

[Event "World Cup 2021"]
[Site "Sochi"]
[Date "2021.07.12"]
[Round "1.11"]
[White "Gretarsson Hjorvar Steinn (ISL)"]
[Black "Stupak Kirill (BLR)"]
[Result "1/2-1/2"]
[WhiteElo "2603"]
[BlackElo "2485"]
[Annotator ""]
[Source ""]
[Remark ""]

1.e4 {[%clk 1:30:51]} e6 {[%clk 1:30:03]} 2.d4 {[%clk 1:31:06]}
d5 {[%clk 1:30:30]} 3.Nc3 {[%clk 1:31:25]} Bb4 {[%clk 1:27:52]}
4.e5 {[%clk 1:31:38]} c5 {[%clk 1:28:20]} 5.a3 {[%clk 1:31:43]}
Ba5 {[%clk 1:28:49]} 6.b4 {[%clk 1:31:06]} cxd4 {[%clk 1:28:57]}
7.Nb5 {[%clk 1:25:46]} Bc7 {[%clk 1:17:45]} 8.f4 {[%clk 1:21:46]}
Ne7 {[%clk 1:16:25]} 9.Bd3 {[%clk 1:19:14]} Bd7 {[%clk 1:13:06]}
10.Nxc7+ {[%clk 1:01:30]} Qxc7 {[%clk 1:13:34]} 11.Nf3 {[%clk 1:01:37]}
Qb6 {[%clk 1:02:14]} 12.Bb2 {[%clk 0:50:27]} Bb5 {[%clk 0:51:26]}
13.Bxd4 {[%clk 0:46:23]} Qc6 {[%clk 0:47:00]} 14.a4 {[%clk 0:27:45]}
Bxd3 {[%clk 0:34:47]} 15.cxd3 {[%clk 0:28:00]} Qd7 {[%clk 0:34:57]}
16.b5 {[%clk 0:23:13]} O-O {[%clk 0:26:44]} 17.O-O {[%clk 0:19:21]}
a6 {[%clk 0:21:33]} 18.Qb3 {[%clk 0:17:34]} Rc8 {[%clk 0:21:34]}
19.Rfc1 {[%clk 0:14:19]} axb5 {[%clk 0:18:03]} 20.axb5 {[%clk 0:14:47]}
Rxc1+ {[%clk 0:13:35]} 21.Rxc1 {[%clk 0:15:16]} Ra5 {[%clk 0:13:55]}
22.Rb1 {[%clk 0:15:11]} Qd8 {[%clk 0:11:38]} 23.h3 {[%clk 0:14:11]}
Nd7 {[%clk 0:11:21]} 24.Rc1 {[%clk 0:11:12]} Ra8 {[%clk 0:07:24]}
25.Qb4 {[%clk 0:08:58]} Rc8 {[%clk 0:04:03]} 26.Ra1 {[%clk 0:09:05]}
Nf5 {[%clk 0:01:45]} 27.Bf2 {[%clk 0:08:49]} h5 {[%clk 0:02:14]}
28.Nd4 {[%clk 0:02:55]} Nxd4 {[%clk 0:00:58]} 29.Bxd4 {[%clk 0:03:17]}
b6 {[%clk 0:00:40]} 30.Qd6 {[%clk 0:03:20]} Qc7 {[%clk 0:00:34]}
31.Qe7 {[%clk 0:02:22]} Nc5 {[%clk 0:00:38]} 32.Qxc7 {[%clk 0:01:37]}
Rxc7 {[%clk 0:01:07]} 33.Ra8+ {[%clk 0:01:24]} Kh7 {[%clk 0:01:35]}
34.Ra3 {[%clk 0:01:27]} Kg6 {[%clk 0:00:40]} 35.Kf2 {[%clk 0:01:15]}
Nd7 {[%clk 0:00:38]} 36.Kf3 {[%clk 0:00:46]} f6 {[%clk 0:00:37]}
37.exf6 {[%clk 0:00:46]} gxf6 {[%clk 0:01:04]} 38.Ra6 {[%clk 0:00:54]}
Rb7 {[%clk 0:01:09]} 39.Ra8 {[%clk 0:00:44]} e5 {[%clk 0:01:03]}
40.Bc3 {[%clk 0:00:38]} Rc7 {[%clk 0:00:38]} 41.Bb4 {[%clk 0:00:41]}
exf4 {[%clk 0:21:48]} 42.Kxf4 {[%clk 0:26:49]} Ne5 {[%clk 0:21:14]}
43.Ke3 {[%clk 0:25:44]} Rc2 {[%clk 0:20:43]} 44.Kd4 {[%clk 0:21:40]}
Kf5 {[%clk 0:14:52]} 45.Bc3 {[%clk 0:08:46]} Rc1 {[%clk 0:05:24]}
46.Ra2 {[%clk 0:06:08]} Rd1 {[%clk 0:03:40]} 47.Kxd5 {[%clk 0:02:02]}
Nxd3 {[%clk 0:02:32]} 48.Rd2 {[%clk 0:02:01]} Nf4+ {[%clk 0:02:53]}
49.Kd6 {[%clk 0:01:59]} Rb1 {[%clk 0:01:35]} 50.Bb2 {[%clk 0:01:39]}
Nd3 {[%clk 0:00:45]} 51.Bc3 {[%clk 0:01:07]} Nf4 {[%clk 0:00:39]}
52.Bb2 {[%clk 0:01:11]} Nd3 {[%clk 0:00:55]} 53.Rxd3 {[%clk 0:00:41]}
Rxb2 {[%clk 0:01:24]} 54.Rf3+ {[%clk 0:00:41]} Ke4 {[%clk 0:00:32]}
55.Kc6 {[%clk 0:00:38]} Rxg2 {[%clk 0:00:57]} 56.Rxf6 {[%clk 0:01:03]}
Rh2 {[%clk 0:00:52]} 57.Kxb6 {[%clk 0:00:49]} Rxh3 {[%clk 0:01:21]}
58.Kc7 {[%clk 0:00:39]} Ke5 {[%clk 0:00:36]} 59.Rf8 {[%clk 0:00:33]}
Rc3+ {[%clk 0:00:49]} 60.Kd7 {[%clk 0:00:47]} Rd3+ {[%clk 0:00:40]}
61.Kc7 {[%clk 0:01:01]} Rc3+ {[%clk 0:01:03]} 62.Kb7 {[%clk 0:01:18]}
h4 {[%clk 0:01:10]} 63.b6 {[%clk 0:01:41]} h3 {[%clk 0:01:33]}
64.Ka7 {[%clk 0:01:44]} Ra3+ {[%clk 0:01:49]} 65.Kb8 {[%clk 0:02:10]}
h2 {[%clk 0:01:44]} 66.Rh8 {[%clk 0:01:26]} Ra2 {[%clk 0:02:09]}
67.Rh4 {[%clk 0:01:26]} Kf5 {[%clk 0:01:53]} 68.b7 {[%clk 0:01:35]}
Kg5 {[%clk 0:02:19]} 69.Rh7 {[%clk 0:01:26]} Kg4 {[%clk 0:02:38]}
70.Kc8 {[%clk 0:01:22]} Rc2+ {[%clk 0:03:02]} 71.Kd8 {[%clk 0:01:08]}
Rb2 {[%clk 0:03:26]} 72.Kc8 {[%clk 0:01:09]} Kg3 {[%clk 0:03:18]}
73.b8Q+ {[%clk 0:01:21]} 1/2-1/2

[Event "World Cup 2021"]
[Site "Sochi"]
[Date "2021.07.12"]
[Round "1.16"]
[White "Barrientos Sergio E (COL)"]
[Black "Brkic Ante (CRO)"]
[Result "0-1"]
[WhiteElo "2490"]
[BlackElo "2592"]
[Annotator ""]
[Source ""]
[Remark ""]

1.d4 {[%clk 1:28:11]} Nf6 {[%clk 1:30:46]} 2.c4 {[%clk 1:28:07]}
e6 {[%clk 1:31:07]} 3.Nf3 {[%clk 1:28:24]} d5 {[%clk 1:31:30]}
4.g3 {[%clk 1:28:09]} Bb4+ {[%clk 1:31:13]} 5.Nbd2 {[%clk 1:28:23]}
O-O {[%clk 1:29:50]} 6.a3 {[%clk 1:23:57]} Be7 {[%clk 1:24:28]}
7.Bg2 {[%clk 1:19:04]} b6 {[%clk 1:24:40]} 8.O-O {[%clk 1:13:01]}
Bb7 {[%clk 1:25:03]} 9.cxd5 {[%clk 1:06:06]} exd5 {[%clk 1:25:16]}
10.Ne5 {[%clk 1:06:25]} Nbd7 {[%clk 1:11:02]} 11.Ndf3 {[%clk 1:03:04]}
Ne4 {[%clk 0:57:59]} 12.Bf4 {[%clk 0:56:20]} c5 {[%clk 0:39:03]}
13.Rc1 {[%clk 0:40:23]} Nxe5 {[%clk 0:30:18]} 14.Nxe5 {[%clk 0:39:58]}
f6 {[%clk 0:30:27]} 15.Nf3 {[%clk 0:33:24]} c4 {[%clk 0:30:51]}
16.Nd2 {[%clk 0:29:41]} Nxd2 {[%clk 0:31:11]} 17.Qxd2 {[%clk 0:29:52]}
b5 {[%clk 0:29:52]} 18.h4 {[%clk 0:28:20]} a5 {[%clk 0:26:01]}
19.Qc2 {[%clk 0:21:45]} Qd7 {[%clk 0:25:39]} 20.Rfe1 {[%clk 0:15:23]}
f5 {[%clk 0:23:10]} 21.h5 {[%clk 0:13:38]} h6 {[%clk 0:20:30]}
22.Be5 {[%clk 0:13:14]} b4 {[%clk 0:19:24]} 23.axb4 {[%clk 0:11:22]}
axb4 {[%clk 0:19:52]} 24.Ra1 {[%clk 0:11:40]} b3 {[%clk 0:14:49]}
25.Qc3 {[%clk 0:10:15]} Qb5 {[%clk 0:14:44]} 26.Qe3 {[%clk 0:09:30]}
Qd7 {[%clk 0:07:57]} 27.Bh3 {[%clk 0:09:56]} Bc6 {[%clk 0:05:57]}
28.Rxa8 {[%clk 0:07:58]} Rxa8 {[%clk 0:05:31]} 29.Qf3 {[%clk 0:08:21]}
Rf8 {[%clk 0:05:37]} 30.Ra1 {[%clk 0:08:37]} Bd6 {[%clk 0:05:12]}
31.Bxd6 {[%clk 0:04:48]} Qxd6 {[%clk 0:05:41]} 32.Bxf5 {[%clk 0:05:11]}
Bd7 {[%clk 0:05:53]} 33.g4 {[%clk 0:05:36]} Bxf5 {[%clk 0:06:02]}
34.gxf5 {[%clk 0:05:57]} Qd7 {[%clk 0:06:17]} 35.e4 {[%clk 0:05:39]}
dxe4 {[%clk 0:04:24]} 36.Qxe4 {[%clk 0:05:59]} Qxf5 {[%clk 0:03:29]}
37.Qxf5 {[%clk 0:04:19]} Rxf5 {[%clk 0:03:57]} 38.Rc1 {[%clk 0:04:33]}
Rg5+ {[%clk 0:01:39]} 39.Kf1 {[%clk 0:03:43]} Rxh5 {[%clk 0:01:55]}
40.Ke2 {[%clk 0:04:12]} Ra5 {[%clk 0:01:29]} 41.Kd2 {[%clk 0:04:09]}
Rf5 {[%clk 0:00:42]} 42.Ke3 {[%clk 0:02:37]} Ra5 {[%clk 0:26:06]}
43.Kd2 {[%clk 0:25:54]} Rf5 {[%clk 0:13:57]} 44.Ke3 {[%clk 0:25:08]}
h5 {[%clk 0:10:03]} 45.Rxc4 {[%clk 0:22:22]} h4 {[%clk 0:10:31]}
46.f4 {[%clk 0:09:11]} h3 {[%clk 0:10:07]} 47.Kf3 {[%clk 0:05:02]}
Rh5 {[%clk 0:05:40]} 48.Rc1 {[%clk 0:05:15]} Kf7 {[%clk 0:05:11]}
49.Kg4 {[%clk 0:02:37]} Rh6 {[%clk 0:05:01]} 50.Kg3 {[%clk 0:00:40]}
h2 {[%clk 0:05:07]} 51.Kg2 {[%clk 0:00:34]} h1Q+ {[%clk 0:02:57]}
52.Rxh1 {[%clk 0:00:59]} Rxh1 {[%clk 0:03:20]} 53.Kxh1 {[%clk 0:01:26]}
Ke6 {[%clk 0:03:45]} 54.Kg2 {[%clk 0:00:47]} Kd5 {[%clk 0:04:13]}
55.Kf3 {[%clk 0:00:36]} Kxd4 {[%clk 0:04:39]} 56.Kg4 {[%clk 0:00:37]}
Kd3 {[%clk 0:02:20]} 57.Kh5 {[%clk 0:00:38]} Ke3 {[%clk 0:01:45]}
58.Kg4 {[%clk 0:00:39]} g6 {[%clk 0:01:07]} 59.Kg3 {[%clk 0:00:39]}
Ke2 {[%clk 0:01:04]} 60.Kg2 {[%clk 0:00:32]} Kd2 {[%clk 0:01:21]}
61.Kf3 {[%clk 0:00:49]} Kc2 {[%clk 0:01:40]} 62.Kg4 {[%clk 0:01:16]}
Kxb2 {[%clk 0:02:06]} 63.Kg5 {[%clk 0:01:45]} Kc3 {[%clk 0:02:23]} 0-1

[Event "World Cup 2021"]
[Site "Sochi"]
[Date "2021.07.12"]
[Round "1.7"]
[White "Sindarov Javokhir (UZB)"]
[Black "Tang Andrew (USA)"]
[Result "1/2-1/2"]
[WhiteElo "2558"]
[BlackElo "2525"]
[Annotator ""]
[Source ""]
[Remark ""]

1.e4 {[%clk 1:30:58]} e5 {[%clk 1:30:55]} 2.Nf3 {[%clk 1:31:25]}
Nc6 {[%clk 1:31:20]} 3.Bb5 {[%clk 1:31:51]} a6 {[%clk 1:31:40]}
4.Ba4 {[%clk 1:32:17]} Nf6 {[%clk 1:32:04]} 5.O-O {[%clk 1:32:44]}
Be7 {[%clk 1:32:25]} 6.Re1 {[%clk 1:33:09]} b5 {[%clk 1:32:41]}
7.Bb3 {[%clk 1:33:35]} O-O {[%clk 1:33:05]} 8.c3 {[%clk 1:29:17]}
d5 {[%clk 1:32:55]} 9.exd5 {[%clk 1:29:36]} Nxd5 {[%clk 1:33:19]}
10.Nxe5 {[%clk 1:29:44]} Nxe5 {[%clk 1:33:41]} 11.Rxe5 {[%clk 1:30:08]}
c6 {[%clk 1:34:03]} 12.Re1 {[%clk 1:27:15]} Bd6 {[%clk 1:30:19]}
13.d3 {[%clk 1:16:30]} Qh4 {[%clk 1:27:04]} 14.g3 {[%clk 1:15:04]}
Qh3 {[%clk 1:27:25]} 15.Re4 {[%clk 1:12:15]} Nf6 {[%clk 1:27:18]}
16.Rh4 {[%clk 1:03:51]} Qf5 {[%clk 1:27:37]} 17.Nd2 {[%clk 0:51:46]}
Ng4 {[%clk 1:27:12]} 18.f3 {[%clk 0:49:43]} Ne3 {[%clk 1:27:22]}
19.Qe2 {[%clk 0:47:01]} Nd5 {[%clk 1:27:39]} 20.Nf1 {[%clk 0:43:17]}
Qg6 {[%clk 1:22:04]} 21.Qf2 {[%clk 0:15:15]} Bf5 {[%clk 1:07:15]}
22.Ne3 {[%clk 0:15:36]} Nxe3 {[%clk 1:07:07]} 23.Bxe3 {[%clk 0:16:02]}
Rfe8 {[%clk 1:01:39]} 24.Bc5 {[%clk 0:13:01]} Bc7 {[%clk 0:56:59]}
25.Re4 {[%clk 0:11:18]} Bxe4 {[%clk 0:41:15]} 26.fxe4 {[%clk 0:11:45]}
Bd8 {[%clk 0:35:01]} 27.d4 {[%clk 0:10:43]} Rxe4 {[%clk 0:35:10]}
28.Bc2 {[%clk 0:10:30]} Bf6 {[%clk 0:30:55]} 29.Bxe4 {[%clk 0:10:43]}
Qxe4 {[%clk 0:31:21]} 30.Re1 {[%clk 0:10:51]} Qd5 {[%clk 0:31:03]}
31.Qg2 {[%clk 0:11:07]} Qd7 {[%clk 0:31:22]} 32.Qe4 {[%clk 0:11:08]}
h6 {[%clk 0:31:18]} 33.Kg2 {[%clk 0:11:18]} a5 {[%clk 0:31:14]}
34.g4 {[%clk 0:04:40]} g6 {[%clk 0:26:59]} 35.Re2 {[%clk 0:04:05]}
Kg7 {[%clk 0:27:07]} 36.h3 {[%clk 0:04:02]} Rh8 {[%clk 0:25:33]}
37.Be7 {[%clk 0:02:52]} Bxe7 {[%clk 0:25:01]} 38.Qxe7 {[%clk 0:03:10]}
Qd5+ {[%clk 0:25:28]} 39.Qe4 {[%clk 0:03:34]} Re8 {[%clk 0:22:30]}
40.Qxd5 {[%clk 0:03:45]} Rxe2+ {[%clk 0:22:56]} 41.Kf3 {[%clk 0:04:13]}
cxd5 {[%clk 0:23:19]} 42.Kxe2 {[%clk 0:04:34]} f5 {[%clk 0:20:57]}
43.gxf5 {[%clk 0:04:40]} g5 {[%clk 0:20:02]} 44.Kd3 {[%clk 0:21:45]}
h5 {[%clk 0:11:44]} 45.a4 {[%clk 0:22:00]} bxa4 {[%clk 0:12:03]}
46.c4 {[%clk 0:22:27]} dxc4+ {[%clk 0:11:21]} 47.Kxc4 {[%clk 0:22:53]}
g4 {[%clk 0:09:19]} 48.hxg4 {[%clk 0:23:19]} h4 {[%clk 0:09:34]}
49.d5 {[%clk 0:23:43]} h3 {[%clk 0:08:31]} 50.d6 {[%clk 0:24:11]}
Kf8 {[%clk 0:08:53]} 51.f6 {[%clk 0:24:33]} Ke8 {[%clk 0:09:09]}
52.g5 {[%clk 0:24:49]} h2 {[%clk 0:09:31]} 53.f7+ {[%clk 0:25:17]}
Kxf7 {[%clk 0:09:51]} 54.g6+ {[%clk 0:25:45]} Kxg6 {[%clk 0:10:07]}
55.d7 {[%clk 0:26:13]} h1Q {[%clk 0:10:29]} 56.d8Q {[%clk 0:26:40]}
Qc1+ {[%clk 0:10:45]} 57.Kb5 {[%clk 0:27:06]} Qxb2+ {[%clk 0:11:09]}
58.Kxa5 {[%clk 0:27:32]} a3 {[%clk 0:11:29]} 59.Qg8+ {[%clk 0:27:19]}
Kf5 {[%clk 0:10:54]} 60.Ka4 {[%clk 0:27:42]} a2 {[%clk 0:10:52]}
61.Qf7+ {[%clk 0:27:58]} Ke4 {[%clk 0:11:14]} 62.Qe6+ {[%clk 0:28:22]}
Kd3 {[%clk 0:11:39]} 63.Qf5+ {[%clk 0:28:48]} Kc3 {[%clk 0:11:50]}
64.Qe5+ {[%clk 0:29:11]} Kc2 {[%clk 0:12:16]} 65.Qe4+ {[%clk 0:29:37]}
Kd1 {[%clk 0:12:36]} 66.Qh1+ {[%clk 0:29:56]} Kd2 {[%clk 0:12:44]}
67.Qh2+ {[%clk 0:30:15]} Kc1 {[%clk 0:13:08]} 68.Qh1+ {[%clk 0:30:43]}
 1/2-1/2

[Event "World Cup 2021"]
[Site "Sochi"]
[Date "2021.07.13"]
[Round "2.11"]
[White "Sarana Alexey (RUS)"]
[Black "Ajibola Olanrewaju (NGR)"]
[Result "1-0"]
[WhiteElo "2640"]
[BlackElo "2302"]
[Annotator ""]
[Source ""]
[Remark ""]

1.e4 {[%clk 1:30:57]} e5 {[%clk 1:30:54]} 2.Nf3 {[%clk 1:31:23]}
Nf6 {[%clk 1:31:18]} 3.Nxe5 {[%clk 1:31:46]} d6 {[%clk 1:31:40]}
4.Nd3 {[%clk 1:32:07]} Nxe4 {[%clk 1:31:53]} 5.Qe2 {[%clk 1:32:34]}
Qe7 {[%clk 1:32:03]} 6.Nf4 {[%clk 1:33:00]} Nf6 {[%clk 1:32:04]}
7.d4 {[%clk 1:33:24]} Qxe2+ {[%clk 1:31:26]} 8.Bxe2 {[%clk 1:33:50]}
Bf5 {[%clk 1:25:10]} 9.c3 {[%clk 1:34:08]} Be7 {[%clk 1:21:14]}
10.Nd2 {[%clk 1:34:30]} h6 {[%clk 1:18:05]} 11.Nf1 {[%clk 1:34:32]}
c6 {[%clk 1:17:39]} 12.h4 {[%clk 1:32:40]} Nbd7 {[%clk 1:11:48]}
13.f3 {[%clk 1:31:51]} Nb6 {[%clk 1:12:07]} 14.g4 {[%clk 1:32:06]}
Bd7 {[%clk 1:12:30]} 15.Ne3 {[%clk 1:31:31]} O-O-O {[%clk 1:11:54]}
16.Bd3 {[%clk 1:29:57]} Rde8 {[%clk 1:11:42]} 17.Kf2 {[%clk 1:30:06]}
d5 {[%clk 1:10:20]} 18.a4 {[%clk 1:27:41]} Bd6 {[%clk 1:05:06]}
19.Nf5 {[%clk 1:27:22]} Bxf5 {[%clk 1:05:24]} 20.Bxf5+ {[%clk 1:27:50]}
Kc7 {[%clk 1:05:40]} 21.Ng2 {[%clk 1:26:29]} a5 {[%clk 1:02:40]}
22.Bd3 {[%clk 1:26:34]} Re6 {[%clk 1:00:34]} 23.h5 {[%clk 1:26:05]}
Rhe8 {[%clk 0:53:35]} 24.Nh4 {[%clk 1:25:58]} c5 {[%clk 0:52:50]}
25.Nf5 {[%clk 1:25:28]} c4 {[%clk 0:52:00]} 26.Bf1 {[%clk 1:25:25]}
Bf8 {[%clk 0:51:44]} 27.Bf4+ {[%clk 1:25:50]} Kc6 {[%clk 0:51:42]}
28.b3 {[%clk 1:25:31]} Ng8 {[%clk 0:46:44]} 29.bxc4 {[%clk 1:17:03]}
dxc4 {[%clk 0:45:29]} 30.Ne3 {[%clk 1:17:03]} Bd6 {[%clk 0:45:54]}
31.Bxd6 {[%clk 1:17:10]} Rxe3 {[%clk 0:45:54]} 32.Be5 {[%clk 1:17:36]}
R8xe5 {[%clk 0:43:12]} 33.dxe5 {[%clk 1:17:12]} Rxc3 {[%clk 0:43:33]}
34.Bg2 {[%clk 1:17:28]} Ne7 {[%clk 0:40:15]} 35.f4+ {[%clk 1:17:08]}
Kc5 {[%clk 0:37:45]} 36.Rab1 {[%clk 1:09:05]} Rb3 {[%clk 0:33:55]}
37.Rhc1 {[%clk 1:07:40]} Rb4 {[%clk 0:33:28]} 38.f5 {[%clk 1:04:36]}
Nbd5 {[%clk 0:20:11]} 39.Be4 {[%clk 0:51:34]} f6 {[%clk 0:18:39]}
40.e6 {[%clk 0:51:21]} b6 {[%clk 0:18:54]} 41.Bxd5 {[%clk 0:47:10]}
Nxd5 {[%clk 0:18:10]} 42.Rd1 {[%clk 0:46:36]} c3 {[%clk 0:13:17]}
43.Rxd5+ {[%clk 0:45:23]} Kxd5 {[%clk 0:13:29]} 44.Rd1+ {[%clk 0:45:50]}
Kc6 {[%clk 0:12:47]} 45.Re1 {[%clk 0:46:08]} Rxa4 {[%clk 0:06:35]}
46.e7 {[%clk 0:46:33]} Rxg4 {[%clk 0:06:37]} 47.e8Q+ {[%clk 0:47:00]}
Kc5 {[%clk 0:05:54]} 48.Qc8+ {[%clk 0:47:27]} Kb5 {[%clk 0:05:32]}
49.Qxc3 {[%clk 0:47:53]} Rf4+ {[%clk 0:05:42]} 50.Ke3 {[%clk 0:48:10]}
Rc4 {[%clk 0:05:43]} 51.Qb3+ {[%clk 0:48:35]} Kc5 {[%clk 0:05:49]}
52.Rb1 {[%clk 0:49:01]} Rb4 {[%clk 0:05:46]} 53.Rc1+ {[%clk 0:49:27]}
Kb5 {[%clk 0:06:01]} 54.Qd5+ {[%clk 0:49:52]} Ka6 {[%clk 0:06:17]}
55.Rc8 {[%clk 0:50:18]} 1-0